| 000 | 01012nam a22003017a 4500 | ||
|---|---|---|---|
| 001 | 5476 | ||
| 003 | FISKH | ||
| 005 | 20250203090124.0 | ||
| 008 | 241210b cb ||||| |||| 00| 0 eng d | ||
| 020 | _a9780545839334 | ||
| 040 |
_aFISKH _beng _cFISKH _dFISKH |
||
| 050 | _aPZ7.H1295 | ||
| 082 | _a813.6 | ||
| 100 |
_aHale, Bruce _d(1918-1980) |
||
| 245 |
_aClark the Shark take heart / _cWritten by Bruce Hale Illustrated by Guy Francis |
||
| 250 | _aFirst printing in 2015 | ||
| 260 |
_aNew York : _bScholastic, _c2015. |
||
| 300 |
_a29 pages : _bcolor illustrations ; _c23 cm |
||
| 505 | _aN | ||
| 520 | _a"Clark tries to impress his crush with his usual enthusiasm but he discovers that being thoughtful is more important than being flashy when it comes to showing that he cares"-- | ||
| 521 | 8 |
_a550L
_bLexile |
|
| 521 | 8 |
_aN
_bRaz-Plus |
|
| 650 |
_2Friendship _aPicture book |
||
| 650 |
_2Birthday _aFiction |
||
| 700 |
_aFrancis, Guy _dIllustrator |
||
| 942 |
_2ddc _cBK _n0 |
||
| 999 |
_c5476 _d5476 |
||